| 000 | 00607cab a2200229 4500 | ||
|---|---|---|---|
| 001 | X5 | ||
| 008 | 090401t1991 xxu||||| |||| 00| 0 eng d | ||
| 035 | _a(Sirsi) u34688 | ||
| 041 | _aeng | ||
| 100 | _aSkitmore, M. | ||
| 245 | 4 | _aThe construction contract bidder homogeniety assumption: an empirical test | |
| 260 | _c1991 | ||
| 350 | _a0 | ||
| 490 |
_aConstruction Management & Economics _v9(5) September 1991, 403-429(27) |
||
| 650 | _aBIDDERS | ||
| 650 | _aBIDDING | ||
| 650 | _aSTATISTICAL MODELS | ||
| 650 | _aTENDERING | ||
| 690 | _aBUILT ENVIRONMENT | ||
| 942 | _n0 | ||
| 948 | _c04/03/1997 | ||
| 999 |
_c22934 _d22934 |
||